Törvénytervezet a nemzeti kisebbségekről és autonóm közösségekről. Az RMDSZ dokumentum vitája

Elmentve itt :
Bibliográfiai részletek
Szerző: TABAJDI Csaba
Adatforrás:Meister
Forrásdokumentuma:Hitel. Erdélyi Szemle. -
3-4 sz., 1994, 110-113 p.
Nyelv:magyar
Kulcsszavak:politológia
politikai dokumentumok
politikai intézmények
RMDSZ-kisebbségi törvénytervezet
kisebbségi törvénytervezet (RMDSZ)
autonómia
lojalitás
önrendelkezés
WIENER György
RMDSZ-Romániai Magyar Demokrata Szövetség
Európa Tanács
LEADER 00805nab a2200241 i 4500
001 bibPRO00008607
008 060524s1994 xx hun
040 |a Sz1 
041 |a hun 
100 1 |a TABAJDI Csaba 
245 1 0 |a Törvénytervezet a nemzeti kisebbségekről és autonóm közösségekről. Az RMDSZ dokumentum vitája  |c TABAJDI Csaba 
695 |a politológia 
695 |a politikai dokumentumok 
695 |a politikai intézmények 
695 |a RMDSZ-kisebbségi törvénytervezet 
695 |a kisebbségi törvénytervezet (RMDSZ) 
695 |a autonómia 
695 |a lojalitás 
695 |a önrendelkezés 
695 |a WIENER György 
695 |a RMDSZ-Romániai Magyar Demokrata Szövetség 
695 |a Európa Tanács 
773 0 |t Hitel. Erdélyi Szemle. -  |g 3-4 sz., 1994, 110-113 p.